000 00769nam a2200145Ia 4500
008 171212s9999 xx 000 0 und d
020 _a9781921536441
100 _aMcDowall, Roy Campbell
245 _cMcDowall, Roy Campbell
_aHoward's Long March
_bThe Strategic Depiction of China in Howard Government Policy, 1996-2006
260 _bANU E Press
_c2009
440 _aStrategic and Defence Studies Centre (SDSC)
650 _aAustralia -- Politics and government -- 1996-; Australia -- Foreign economic relations -- China; China -- Foreign economic relations -- Australia; Australia -- Foreign relations -- China; China -- Foreign relations -- Australia; Australia -- Foreign relat
650 _aPolitical Science
856 _uwww.jstor.org/stable/10.2307/j.ctt24h3pb
999 _c351143
_d351143